| 000 | 00801nam a2200241 i 4500 | ||
|---|---|---|---|
| 001 | bg | ||
| 100 | 1 | _aJakubowski, Julian. | |
| 245 | 1 | 0 |
_aWdrożenie systemów CAX jako narzędzi wspomagających procesy projektowania / _cJulian Jakubowski, Grzegorz Maniarski, Albert Lewandowski. |
| 260 |
_aZielona Góra : _bOficyna Wydawnicza Uniwersytetu Zielonogórskiego, _c2008. |
||
| 300 |
_a53 s. : _bil. ; _c24 cm. |
||
| 650 | 9 |
_aProjektowanie _xkomputeryzacja |
|
| 650 | 9 | _aSystemy informatyczne zarządzania | |
| 700 | 1 | _aManiaraski, Grzegorz. | |
| 700 | 1 | _aLewandowski, Albert. | |
| 020 | _a9788374811958 | ||
| 040 | _cBPK | ||
| 041 | _apol | ||
| 044 | _aPOL | ||
| 080 | _a004.4'22:658.5:004-049.8 | ||
| 920 | _a978-83-7481-195-8 | ||
| 942 | _cKS | ||
| 008 | 090819s2007 pl a |101 0 pol | ||
| 999 |
_c56668 _d56668 |
||